Регионална библиотека "Любен Каравелов" - Русе

Избрани статии от списание Родна реч (Запис номер 3035)

MARC детайли
000 -Лидер
Контролно поле с фиксирана дължина 01623nam a2200385 c 4500
003 - Код на организацията, давaща контролен номер
Контролно поле BLK
005 - Дата и час на последна редакция
Контролно поле 20230407030343.0
008 - Елементи от данни с фиксирана дължина
fixed length control field 180412b bul|||||r ||||||| ||bul||
010 ## - Наследен системен номер
LC control number KNG00004076000
020 ## - Международен стандартен номер на книга ISBN
Международен стандартен номер на книга ISBN 954-8176-08-4
-- издат.: Ваньо Н. Недков
040 ## - Източник на каталожния запис
Идентификатор на билиотеката - собственик на записа BLK
041 ## - Код за език
Код за езика на текст/звукозапис или на отделно заглавие Български
Код за езика КДБФ Български
080 ## - УДК
Текстов определител УДК Българска литература
УДК код - определител по УДК 821.163.2
УДК определител (075.4)
УДК - код + определител 821.163.2(075.4)
139 ## - Редно поле
Редна дума Избрани статии от списание Родна реч
Авторски знак Из - И 35
245 10 - Сведения за заглавието
Заглавие Избрани статии от списание Родна реч
Подзаглавни данни В помощ на кандидат-студентите
Редно поле (дума) предг. от Милена Кирова.
257 ## - Страна на издаване
Страна на създаване/издаване България
260 ## - Област на издателските данни
-- София
Име на издателя, разпространителя и проч. Ваньо Н. Недков
Година на издаване 1994
300 ## - Физическа характеристика
Страници 272 с.
Размери/Мащаб 21 см
380 ## - Жанр
Жанр Литературознание
500 ## - Общи забележки
Забележка Офс. изд. - 10 000 тир.
650 #4 - Допълнително описание по предмет – тема
Основно описание – тема или топоним Българска литература - учебни помагала
9 (RLIN) 242720
650 #4 - Допълнително описание по предмет – тема
Основно описание – тема или топоним Писатели, български - учебни помагала
9 (RLIN) 243084
650 #4 - Допълнително описание по предмет – тема
Основно описание – тема или топоним Поети, български - учебни помагала
9 (RLIN) 243328
653 ## - Ключова дума – ненормативна
Ключова дума българска литература
653 ## - Ключова дума – ненормативна
Ключова дума български писатели
653 ## - Ключова дума – ненормативна
Ключова дума български поети
653 ## - Ключова дума – ненормативна
Ключова дума кандидатстудентски изпити
653 ## - Ключова дума – ненормативна
Ключова дума учебни помагала
700 1# - Други автори (авторска отговорност)
Лично име Кирова, Милена
Автороска отговорност (Описва отношението между автора и произведението) предг. от
9 (RLIN) 246678
852 ## - Местоположение
Форматна сигнатура Цб 181426
856 4# - Електронен адрес и достъп
Електронен формат pdf - файл
Път до файла /url/
856 4# - Електронен адрес и достъп
Електронен формат pdf - файл
Път до файла /url/
942 ## - АРТИКУЛИ
Вид на библиотечния материал Книги
Скрит в OPAC Не
944 ## - СЪЗДАВАНЕ И РЕДАКЦИЯ на ЗАПИСА
Създаване/Редакция Създаване
Дата на регистрацията/редакция 15.01.2003
Статус, дата на статуса ф /
Служител, извършил регистрацията/редакцията Людмила_Стоянова
944 ## - СЪЗДАВАНЕ И РЕДАКЦИЯ на ЗАПИСА
Създаване/Редакция Редакция
Дата на регистрацията/редакция 22.11.2012
Статус, дата на статуса ф /
Служител, извършил регистрацията/редакцията
999 ## - СИСТЕМНИ КОНТРОЛНИ НОМЕРА
Koha biblionumber 3035
Koha biblioitemnumber 3035
Наличности
Код за отписване Код за изгубен артикул Източник на класификационната схема Код за повреда Коз за рестрикции Код за отдаване Артикулен № Име на библиотеката - собственик Име на библиотеката, в която се намира в момента Статус (Текущо местоположение) Дата на вписване в системата Местоположение - отдел Цена в лева Инвентарен номер Систематично азбучна сигнатура Баркод Номер на екземпляра Цена в евро Служебна бележка Служебен тип на артикула
Изтеглен Не е изгубен Universal Decimal Classification Не е повреден без рестрикции заемане за дома 5523 Регионална библиотека "Любен Каравелов" Русе Регионална библиотека "Любен Каравелов" Русе Заемна - подръчен фонд 2001-01-01 Заемна - подръчен фонд 0.49 617256 П 886.7/И 35 617256 1 0.25 Дост: Pk Вид: Ф N: стар фонд Дата: 01.01.1994 Книги
Изтеглен Не е изгубен Universal Decimal Classification Не е повреден без рестрикции заемане за дома 5524 Регионална библиотека "Любен Каравелов" Русе Регионална библиотека "Любен Каравелов" Русе Заемна - подръчен фонд 2001-01-01 Заемна - подръчен фонд 1.08 617257 П 886.7/И 35 617257 2 0.55 Дост: Pk Вид: Ф N: стар фонд Дата: 01.01.1994 Дата инв: 07.02.2018 Бележки инв: П2018 Книги
  Не е изгубен Universal Decimal Classification Не е повреден без рестрикции заемане за дома 5525 Регионална библиотека "Любен Каравелов" Русе Регионална библиотека "Любен Каравелов" Русе Заемна - подръчен фонд 2012-06-18 Заемна - подръчен фонд 5.00 120000758375 821.163.2.09/И 35 120000758375 3 2.56 Дост: DA Вид: А N: 11 Дата: 18.06.2012 Дата инв: 07.02.2018 Бележки инв: П2018 Книги
  Не е изгубен Universal Decimal Classification Не е повреден без рестрикции ползва се в читалня 5526 Регионална библиотека "Любен Каравелов" Русе Регионална библиотека "Любен Каравелов" Русе Хранилище 1994-01-01 Хранилище 1.08 606418 Цб 181426 120000606418 4 0.55 Дост: Dp Вид: Д N: стар фонд Дата: 01.01.1994 Дата инв: 06.02.2015 Бележки инв: Цб2015 Книги
Vip Innovations Ltd, Rousse, Bulgaria 2025